000
00387nam a2200133Ia 4500
008
151001s9999||||xx |||||||||||||| ||und||
100
_a
श्रीराम पंचींद्रे
245
_a
भ्रष्टासुराच्या कथा
250
_a
2
260
_b
अजब प्रकाशन
260
_c
2007
300
_a
183
365
_b
21
999
_c
993469
_d
993466